LIBRARY & INFORMATION CENTRE, KCAET, TAVANUR

ONLINE PUBLIC ACCESS CATALOGUE (OPAC)

Fundamentals of momentum, heat and mass transfer / (Record no. 7218)

MARC details
000 -LEADER
fixed length control field 00446cam a2200169ua 4500
020 ## - INTERNATIONAL STANDARD BOOK NUMBER
ISBN 9971-51-174-6
020 ## - INTERNATIONAL STANDARD BOOK NUMBER
ISBN 9788126528387
082 ## - DEWEY DECIMAL CLASSIFICATION NUMBER
Classification number 621.4022
Item number WEL/FU
100 ## - MAIN ENTRY--AUTHOR NAME
Personal name Welty, James R .
245 ## - TITLE STATEMENT
Title Fundamentals of momentum, heat and mass transfer /
260 ## - PUBLICATION, DISTRIBUTION, ETC. (IMPRINT)
Place of publication London :
Name of publisher John Wiley & Sons ,
Year of publication 1984.
300 ## - PHYSICAL DESCRIPTION
Number of Pages 803 ; .
500 ## - GENERAL NOTE
General note 20465, CSS
700 1# - ADDED ENTRY--PERSONAL NAME
Personal name Wicks , Charles E .
700 1# - ADDED ENTRY--PERSONAL NAME
Personal name Wilson, Robert E .
942 ## - ADDED ENTRY ELEMENTS (KOHA)
Koha item type Books
Holdings
Withdrawn status Lost status Damaged status Home library Current library Shelving location Date acquired Full call number Accession Number Koha item type Collection code Source of acquisition
      KAUAET KAUAET Scheme 07/04/2012 621.4022 20465 Book Bank scheme for SC students    
      KAUAET KAUAET General Stacks 30/03/2013 621.4022 WEL/FU 23729 Books Non-fiction Calicut Book Distributors
free website counter